Pension fund investment management (Record no. 676227)

MARC details
000 -LEADER
fixed length control field 00690nam a2200241Ia 4500
003 - CONTROL NUMBER IDENTIFIER
control field OSt
005 - DATE AND TIME OF LATEST TRANSACTION
control field 20220926044945.0
008 - FIXED-LENGTH DATA ELEMENTS--GENERAL INFORMATION
fixed length control field 220923b |||||||| |||| 00| 0 eng d
037 ## - SOURCE OF ACQUISITION
Terms of availability General Book
040 ## - CATALOGING SOURCE
Original cataloging agency RTL
Transcribing agency RTL
Language of cataloging eng
041 ## - LANGUAGE CODE
Source of code eng
Language code of text/sound track or separate title eng
100 ## - MAIN ENTRY--PERSONAL NAME
Personal name Gardner Esmond B Ed.
9 (RLIN) 349602
110 ## - MAIN ENTRY--CORPORATE NAME
Corporate name or jurisdiction name as entry element Richard d irwin,inc ontasio
9 (RLIN) 349603
245 #0 - TITLE STATEMENT
Title Pension fund investment management
260 ## - PUBLICATION, DISTRIBUTION, ETC.
Date of publication, distribution, etc. 1969
300 ## - PHYSICAL DESCRIPTION
Extent 140
Dimensions cm.
700 ## - ADDED ENTRY--PERSONAL NAME
Personal name Richard d irwin,inc ontasio
9 (RLIN) 349604
942 ## - ADDED ENTRY ELEMENTS (KOHA)
Classification part X64:9581p73,N68, K9
Koha item type General Books
Source of classification or shelving scheme Colon Classification (CC)
Holdings
Withdrawn status Lost status Damaged status Not for loan Home library Current library Date acquired Total Checkouts Full call number Barcode Date last seen Price effective from Koha item type
        Ratan Tata Library Ratan Tata Library 2022-09-26   X64:9581p73,N68 K9 RT0058601 2022-09-26 2022-09-26 General Books
Copyright @ Delhi University Library System